000 00699nam a2200205Ia 4500
003 GCL
008 140319s9999 xx 000 0 ara d
040 _aGCL /
_cGCL
082 0 4 _a415.103
_bا م
100 1 _aجورج مترى عبدالمسيح
245 1 0 _aمعجم قواعد اللغة العربية فى جداول ولوحات /
_cجورج مترى عبدالمسيح
700 1 _aانطوان الدحداح
260 _a[S.N] :
_bمكتبة لبنان ،
_c1994
300 _a333 ص
490 _aموسوعة الصحاح فى علم اللغةالعربية
_v0
650 0 4 _aالنحو
650 0 4 _aاللغة العربية
650 0 4 _aالمعاجم
942 _2ddc
_cBK
999 _c32625
_d32625